01295nam a22002057a 450000500170000000800410001702000180005804000070007604100080008308200200009110000200011124500940013125000140022526000280023930000300026736500700029752006610036765000350102870000260106320230328095401.0230220b ||||| |||| 00| 0 eng d a9781138744875 cAL aeng 223a158.7bSCHP aDuane P Schultz aPsychology and work todayb: An Introduction to industrial and organizational psychology  a10th, ed. aLondonbRoutledgec2022 axxv,426p.bPBc25.5x20cm. 2GeneralaABDI/0657/23b₹746.00c₹d₹995.00e25%f13-02-2023 aan invaluable foundation for anyone entering today’s global business and industrial world. This informative, sophisticated, and entertaining text teaches students about the nature of work in modern society by focusing on the practical and applied rather than the scientific ideal. Human resource development (employee selection, psychological testing, performance appraisal, and training); leadership, motivation, job satisfaction, and job involvement; working conditions, safety, violence, and health in the workplace. An excellent handbook for all human resource employees, as well as managers, executives, and others responsible for hiring personnel. 2PsychologyaApplied Psychology aSchultz, Sydney Ellen